| 000 | 00782cam a2200205 a 4500 | ||
|---|---|---|---|
| 001 | 000002796 | ||
| 005 | 20200929150245.0 | ||
| 008 | 990623s1999 ec b 001 0 spa | ||
| 020 | _a9978621261 | ||
| 040 |
_aDO-SdBNP _cDLC |
||
| 082 |
_a821.134 _bI938m |
||
| 100 | 1 |
_aIvanovici, Víctor. _98829 |
|
| 245 | 1 | 3 |
_aEl mundo de la nueva narrativa hispanoamericana : _buna introducción / _cVíctor Ivanovici. |
| 260 |
_aQuito, Ecuador : _bCasa de la Cultura Ecuatoriana "Benjamín Carrión Ecuatoriana", _c1999. |
||
| 300 |
_a295 p. ; _c21 cm. |
||
| 504 | _aIncluye referencias bibliográficas | ||
| 650 | 4 |
_aNovela hispanoamericana _ySIGLO XXI _xHistoria y crítica _98830 |
|
| 650 | 4 |
_aEspañol de américa _ySIGLO XX _xHistoria y crítica _98831 |
|
| 910 | _aCatalogación por copia / LC | ||
| 999 |
_c2630 _d2630 |
||